000 00441nam a2200217Ia 4500
003 IT-RoPAU
008 120407s9999 xx 000 0 und d
040 _aIT-RoPAU
040 _cIT-RoPAU
041 _alat
100 _aFiorenzo Romita
245 _aJus musicae liturgicae.
250 _aTorino
260 _aMarietti
260 _c1936
300 _a319 p.
300 _c21 cm
490 _v1
942 _cBK
999 _c32450
_d32450